Manual Washington de especialidades clínicas Endocrinología /
Sábháilte in:
| Údar corparáideach: | |
|---|---|
| Rannpháirtithe: | , , |
| Formáid: | Leictreonach Ríomhleabhar |
| Teanga: | Spáinnis |
| Foilsithe / Cruthaithe: |
Philadelphia :
Wolters Kluwer,
2015.
|
| Eagrán: | 3. ed. |
| Ábhair: | |
| Rochtain ar líne: | Authentication may be required: |
| Clibeanna: |
Cuir clib leis
Níl clibeanna ann, Bí ar an gcéad duine le clib a chur leis an taifead seo!
|
MARC
| LEADER | 00000nam a2200000 a 4500 | ||
|---|---|---|---|
| 001 | E000000273 | ||
| 003 | UtOrBLW | ||
| 005 | 20200318091201.0 | ||
| 006 | m d | ||
| 007 | cr | ||
| 008 | 200318s2015 paua sb 001 0 spa d | ||
| 020 | |a 9788416004942 | ||
| 035 | |a (UtOrBLW)bslw09850352 | ||
| 040 | |a UtOrBLW | ||
| 050 | 4 | |a RC648 |b .M36 2015 | |
| 060 | 4 | |a WK 100 |b M2941 2015 | |
| 245 | 0 | 0 | |a Manual Washington de especialidades clínicas |h [electronic resource] : |b Endocrinología / |c editors, Janet B. McGill, MD, MA, FACE, professor of medicine, Division of Endocrinology, Metabolism, and Lipid Research, Wasington University School of Medicine, St. Louis, Missouri, Thomas J. Baranski, MD, PhD, associate professor of medicine, Division of Endocrinology, Metabolism, and Lipid Research, Wasington University School of Medicine, St. Louis, Missouri, William E. Clutter, MD, associate professor medicine, Division of Endocrinology, Metabolism, and Lipid Research, Wasington University School of Medicine, St. Louis, Missouri. |
| 250 | |a 3. ed. | ||
| 260 | |a Philadelphia : |b Wolters Kluwer, |c 2015. | ||
| 300 | |a 396 p. : |b ill. ; |c cm | ||
| 504 | |a Includes bibliographical references and index. | ||
| 505 | 0 | |a parte I. Trastornos hipotalámicos e hipofisarios -- parte II. Trastornos tiroideos -- parte III. Transtornos suprarrenales -- parte IV.Trastornos Gonadales -- parte V. Trastornos del metabolismo óseo y mineral -- parte VI. Trastornos del metabolismo energético -- parte VII. Neoplasias. | |
| 533 | |a Electronic reproduction. |b New York, N.Y. : |c Ovid Technologies, Inc. |n Available via World Wide Web. | ||
| 650 | 0 | |a Endocrinology. | |
| 650 | 0 | |a Endocrine glands |x Diseases. | |
| 650 | 1 | 2 | |a Endocrine System Diseases |
| 700 | 1 | |a McGill, Janet B. | |
| 700 | 1 | |a Baranski, Thomas J. | |
| 700 | 1 | |a Clutter, William E. | |
| 710 | 2 | |a Ovid Technologies, Inc. | |
| 856 | 4 | 0 | |a E-Books (Ovid) |z Authentication may be required: |u http://ovides.unach.elogim.com/Pages/book.aspx?isbn=9788416004942&XPATH=/PG(0) |